000 00906cam a22002894a 4500
005 20260322212025.0
008 data
010 _a 2003066653
020 _a0195165004 (alk. paper)
020 _a9780195165005 (alk. paper)
040 _aDLC
_cDLC
_dYDX
041 0 9 _aeng
042 _anlmcopyc
_anlmcopyc
044 _9England
050 0 0 _aR728
_b.E94 2004
060 1 0 _aWB 39
_bE93 2004
082 0 0 _a362.1
_222
245 0 0 _aEvidence-based practice manual :
_bresearch and outcome measures in health and human services /
_cedited by Albert R. Roberts, Kenneth R. Yeager.
260 _aNew York :
_aNew York :
_bOxford University Press,
_c2004.
300 _axxviii, 1050 p. :
_bill. ;
_c26 cm.
504 _aIncludes bibliographical references and indexes.
650 1 2 _aEvidence-Based Medicine
655 2 _aHandbooks
700 1 _aRoberts, Albert R.
700 1 _aYeager, Kenneth.
001 data
999 _c569
_d569